<?xml version="1.0" encoding="UTF-8"?>
<record
    xmlns:xsi="http://www.w3.org/2001/XMLSchema-instance"
    xsi:schemaLocation="http://www.loc.gov/MARC21/slim http://www.loc.gov/standards/marcxml/schema/MARC21slim.xsd"
    xmlns="http://www.loc.gov/MARC21/slim">

  <leader>03626njm0a2200373   4500</leader>
  <controlfield tag="001">RU\NLR\ONIZ\211865</controlfield>
  <controlfield tag="005">20250708192603.0</controlfield>
  <datafield tag="035" ind1=" " ind2=" ">
    <subfield code="a">(NLR Aleph) 010891410</subfield>
  </datafield>
  <datafield tag="071" ind1="0" ind2="0">
    <subfield code="a">&#x414;-027305-6</subfield>
  </datafield>
  <datafield tag="090" ind1=" " ind2=" ">
    <subfield code="a">13283253</subfield>
    <subfield code="c">13283253</subfield>
  </datafield>
  <datafield tag="100" ind1=" " ind2=" ">
    <subfield code="a">20150603d1964    |||y0rusy50      ca</subfield>
  </datafield>
  <datafield tag="102" ind1=" " ind2=" ">
    <subfield code="a">RU</subfield>
  </datafield>
  <datafield tag="126" ind1=" " ind2=" ">
    <subfield code="a">abuxexu      ux</subfield>
    <subfield code="b">xxx</subfield>
  </datafield>
  <datafield tag="127" ind1=" " ind2=" ">
    <subfield code="a">000035</subfield>
  </datafield>
  <datafield tag="135" ind1=" " ind2=" ">
    <subfield code="a">honoannnanndn</subfield>
  </datafield>
  <datafield tag="200" ind1="1" ind2=" ">
    <subfield code="a">[&#x418;&#x433;&#x440;&#x430;&#x435;&#x442;] &#x421;&#x432;&#x44F;&#x442;&#x43E;&#x441;&#x43B;&#x430;&#x432; &#x420;&#x438;&#x445;&#x442;&#x435;&#x440;, &#x444;&#x43F;.</subfield>
    <subfield code="b">&#x417;&#x432;&#x443;&#x43A;&#x43E;&#x437;&#x430;&#x43F;&#x438;&#x441;&#x44C;</subfield>
  </datafield>
  <datafield tag="210" ind1=" " ind2=" ">
    <subfield code="a">&#x41C;.</subfield>
    <subfield code="c">&#x41C;&#x435;&#x43B;&#x43E;&#x434;&#x438;&#x44F;</subfield>
    <subfield code="d">1964</subfield>
  </datafield>
  <datafield tag="215" ind1=" " ind2=" ">
    <subfield code="a">1 &#x433;&#x440;&#x43F;. [5289-80] (35 &#x43C;&#x438;&#x43D;): 33 &#x43E;&#x431;/&#x43C;&#x438;&#x43D;, &#x43C;&#x43E;&#x43D;&#x43E;; 30 &#x441;&#x43C;, &#x432; &#x43A;&#x43E;&#x43D;&#x432;.</subfield>
  </datafield>
  <datafield tag="327" ind1="1" ind2=" ">
    <subfield code="a">1. &#x41A;&#x43E;&#x43D;&#x446;&#x435;&#x440;&#x442; &#x2116; 20 &#x434;&#x43B;&#x44F; &#x444;&#x43E;&#x440;&#x442;&#x435;&#x43F;&#x438;&#x430;&#x43D;&#x43E; &#x441; &#x43E;&#x440;&#x43A;&#x435;&#x441;&#x442;&#x440;&#x43E;&#x43C; : &#x440;&#x435; &#x43C;&#x438;&#x43D;. : &#x41A;. 466 / &#x412;. &#x410;. &#x41C;&#x43E;&#x446;&#x430;&#x440;&#x442; ; &#x441;&#x43E;&#x43F;&#x440;&#x43E;&#x432;&#x43E;&#x436;&#x434;..: &#x421;&#x438;&#x43C;&#x444;&#x43E;&#x43D;&#x438;&#x447;&#x435;&#x441;&#x43A;&#x438;&#x439; &#x43E;&#x440;&#x43A;&#x435;&#x441;&#x442;&#x440; &#x412;&#x430;&#x440;&#x448;&#x430;&#x432;&#x441;&#x43A;&#x43E;&#x439; &#x444;&#x438;&#x43B;&#x430;&#x440;&#x43C;&#x43E;&#x43D;&#x438;&#x438;, &#x434;&#x438;&#x440;&#x438;&#x436;&#x451;&#x440; &#x421;. &#x412;&#x438;&#x441;&#x43B;&#x43E;&#x446;&#x43A;&#x438;&#x439;.</subfield>
    <subfield code="a">2. &#x41A;&#x43E;&#x43D;&#x446;&#x435;&#x440;&#x442; &#x2116; 5 &#x434;&#x43B;&#x44F; &#x444;&#x43E;&#x440;&#x442;&#x435;&#x43F;&#x438;&#x430;&#x43D;&#x43E; &#x441; &#x43E;&#x440;&#x43A;&#x435;&#x441;&#x442;&#x440;&#x43E;&#x43C; : &#x421;&#x43E;&#x43B;&#x44C; &#x43C;&#x430;&#x436;. : &#x441;&#x43E;&#x447;. 55 / &#x421;. &#x41F;&#x440;&#x43E;&#x43A;&#x43E;&#x444;&#x44C;&#x435;&#x432; ; &#x441;&#x43E;&#x43F;&#x440;&#x43E;&#x432;&#x43E;&#x436;&#x434;.: &#x421;&#x438;&#x43C;&#x444;&#x43E;&#x43D;&#x438;&#x447;&#x435;&#x441;&#x43A;&#x438;&#x439; &#x43E;&#x440;&#x43A;&#x435;&#x441;&#x442;&#x440; &#x412;&#x430;&#x440;&#x448;&#x430;&#x432;&#x441;&#x43A;&#x43E;&#x439; &#x444;&#x438;&#x43B;&#x430;&#x440;&#x43C;&#x43E;&#x43D;&#x438;&#x438;, &#x434;&#x438;&#x440;. &#x412;. &#x420;&#x43E;&#x432;&#x438;&#x446;&#x43A;&#x438;&#x439;</subfield>
  </datafield>
  <datafield tag="464" ind1=" " ind2="0">
    <subfield code="1">2001#$a&#x41A;&#x43E;&#x43D;&#x446;&#x435;&#x440;&#x442; &#x2116; 20 &#x434;&#x43B;&#x44F; &#x444;&#x43E;&#x440;&#x442;&#x435;&#x43F;&#x438;&#x430;&#x43D;&#x43E; &#x441; &#x43E;&#x440;&#x43A;&#x435;&#x441;&#x442;&#x440;&#x43E;&#x43C;$e&#x440;&#x435; &#x43C;&#x438;&#x43D;.$e&#x41A;. 466$f&#x412;. &#x410;. &#x41C;&#x43E;&#x446;&#x430;&#x440;&#x442;$g&#x441;&#x43E;&#x43F;&#x440;&#x43E;&#x432;&#x43E;&#x436;&#x434;..: &#x421;&#x438;&#x43C;&#x444;&#x43E;&#x43D;&#x438;&#x447;&#x435;&#x441;&#x43A;&#x438;&#x439; &#x43E;&#x440;&#x43A;&#x435;&#x441;&#x442;&#x440; &#x412;&#x430;&#x440;&#x448;&#x430;&#x432;&#x441;&#x43A;&#x43E;&#x439; &#x444;&#x438;&#x43B;&#x430;&#x440;&#x43C;&#x43E;&#x43D;&#x438;&#x438;, &#x434;&#x438;&#x440;&#x438;&#x436;&#x451;&#x440; &#x421;. &#x412;&#x438;&#x441;&#x43B;&#x43E;&#x446;&#x43A;&#x438;&#x439;</subfield>
    <subfield code="1">6061#$a&#x41A;&#x43E;&#x43D;&#x446;&#x435;&#x440;&#x442;&#x44B; &#x434;&#x43B;&#x44F; &#x444;&#x43E;&#x440;&#x442;&#x435;&#x43F;&#x438;&#x430;&#x43D;&#x43E; &#x441; &#x43E;&#x440;&#x43A;&#x435;&#x441;&#x442;&#x440;&#x43E;&#x43C;$x&#x417;&#x432;&#x443;&#x43A;&#x43E;&#x437;&#x430;&#x43F;&#x438;&#x441;&#x44C;$y&#x410;&#x432;&#x441;&#x442;&#x440;&#x438;&#x44F;$z18 &#x432;&#x435;&#x43A;$2shnlr</subfield>
    <subfield code="1">686##$a&#x429;954.2-042(4&#x410;)$vLBC/SL$2rubbk</subfield>
    <subfield code="1">701#1$9z01790$a&#x41C;&#x43E;&#x446;&#x430;&#x440;&#x442;$b&#x412;. &#x410;.$g&#x412;&#x43E;&#x43B;&#x44C;&#x444;&#x433;&#x430;&#x43D;&#x433; &#x410;&#x43C;&#x430;&#x434;&#x435;&#x439;$f1756-1791$4230$7ca</subfield>
    <subfield code="1">702#1$9z01790$a&#x412;&#x438;&#x441;&#x43B;&#x43E;&#x446;&#x43A;&#x438;&#x439;$b&#x421;.$g&#x421;&#x442;&#x430;&#x43D;&#x438;&#x441;&#x43B;&#x430;&#x432;$f1921-1998$4250$7ca</subfield>
    <subfield code="1">71202$a&#x421;&#x438;&#x43C;&#x444;&#x43E;&#x43D;&#x438;&#x447;&#x435;&#x441;&#x43A;&#x438;&#x439; &#x43E;&#x440;&#x43A;&#x435;&#x441;&#x442;&#x440; &#x412;&#x430;&#x440;&#x448;&#x430;&#x432;&#x441;&#x43A;&#x43E;&#x439; &#x444;&#x438;&#x43B;&#x430;&#x440;&#x43C;&#x43E;&#x43D;&#x438;&#x438;$4590$7ba</subfield>
    <subfield code="1">790#1$9z01701$aMozart$bW. A.$gWolfgang Amadeus$f1756-1791$4230$7ba</subfield>
    <subfield code="1">790#1$9z01702$aWis&#x142;ocki$bS.$gStanislaw$f1921-1998$4250$7ba</subfield>
    <subfield code="t">&#x41A;&#x43E;&#x43D;&#x446;&#x435;&#x440;&#x442; &#x2116; 20 &#x434;&#x43B;&#x44F; &#x444;&#x43E;&#x440;&#x442;&#x435;&#x43F;&#x438;&#x430;&#x43D;&#x43E; &#x441; &#x43E;&#x440;&#x43A;&#x435;&#x441;&#x442;&#x440;&#x43E;&#x43C;</subfield>
  </datafield>
  <datafield tag="464" ind1=" " ind2="0">
    <subfield code="1">2001#$a&#x41A;&#x43E;&#x43D;&#x446;&#x435;&#x440;&#x442; &#x2116; 5 &#x434;&#x43B;&#x44F; &#x444;&#x43E;&#x440;&#x442;&#x435;&#x43F;&#x438;&#x430;&#x43D;&#x43E; &#x441; &#x43E;&#x440;&#x43A;&#x435;&#x441;&#x442;&#x440;&#x43E;&#x43C;$e&#x421;&#x43E;&#x43B;&#x44C; &#x43C;&#x430;&#x436;.$e&#x441;&#x43E;&#x447;. 55$f&#x421;. &#x41F;&#x440;&#x43E;&#x43A;&#x43E;&#x444;&#x44C;&#x435;&#x432;$g&#x441;&#x43E;&#x43F;&#x440;&#x43E;&#x432;&#x43E;&#x436;&#x434;.: &#x421;&#x438;&#x43C;&#x444;&#x43E;&#x43D;&#x438;&#x447;&#x435;&#x441;&#x43A;&#x438;&#x439; &#x43E;&#x440;&#x43A;&#x435;&#x441;&#x442;&#x440; &#x412;&#x430;&#x440;&#x448;&#x430;&#x432;&#x441;&#x43A;&#x43E;&#x439; &#x444;&#x438;&#x43B;&#x430;&#x440;&#x43C;&#x43E;&#x43D;&#x438;&#x438;, &#x434;&#x438;&#x440;. &#x412;. &#x420;&#x43E;&#x432;&#x438;&#x446;&#x43A;&#x438;&#x439;</subfield>
    <subfield code="1">6061#$a&#x41A;&#x43E;&#x43D;&#x446;&#x435;&#x440;&#x442;&#x44B; &#x434;&#x43B;&#x44F; &#x444;&#x43E;&#x440;&#x442;&#x435;&#x43F;&#x438;&#x430;&#x43D;&#x43E; &#x441; &#x43E;&#x440;&#x43A;&#x435;&#x441;&#x442;&#x440;&#x43E;&#x43C;$x&#x417;&#x432;&#x443;&#x43A;&#x43E;&#x437;&#x430;&#x43F;&#x438;&#x441;&#x44C;$y&#x420;&#x43E;&#x441;&#x441;&#x438;&#x44F;$z20 &#x432;&#x435;&#x43A;$2nlr_sh</subfield>
    <subfield code="1">686##$a&#x429;954.2-042(2)$vLBC/SL$2rubbk</subfield>
    <subfield code="1">701#1$9z01790$a&#x41F;&#x440;&#x43E;&#x43A;&#x43E;&#x444;&#x44C;&#x435;&#x432;$b&#x421;. &#x421;.$g&#x421;&#x435;&#x440;&#x433;&#x435;&#x439; &#x421;&#x435;&#x440;&#x433;&#x435;&#x435;&#x432;&#x438;&#x447;$f1891-1953$4230$7ca</subfield>
    <subfield code="1">702#1$9z01790$a&#x420;&#x43E;&#x432;&#x438;&#x446;&#x43A;&#x438;&#x439;$b&#x412;.$g&#x412;&#x438;&#x442;&#x43E;&#x43B;&#x44C;&#x434;$f1914-1989$4250$7ca</subfield>
    <subfield code="1">71202$a&#x421;&#x438;&#x43C;&#x444;&#x43E;&#x43D;&#x438;&#x447;&#x435;&#x441;&#x43A;&#x438;&#x439; &#x43E;&#x440;&#x43A;&#x435;&#x441;&#x442;&#x440; &#x412;&#x430;&#x440;&#x448;&#x430;&#x432;&#x441;&#x43A;&#x43E;&#x439; &#x444;&#x438;&#x43B;&#x430;&#x440;&#x43C;&#x43E;&#x43D;&#x438;&#x438;$4590$7ba</subfield>
    <subfield code="1">790#1$9z01701$aProkofiev$bS. S.$gSergej Sergeevich$f1891-1953$4230$7ba</subfield>
    <subfield code="1">790#1$9z01702$aRowicki$bW.$gWitold$f1914-1989$4250$7ba</subfield>
    <subfield code="t">&#x41A;&#x43E;&#x43D;&#x446;&#x435;&#x440;&#x442; &#x2116; 5 &#x434;&#x43B;&#x44F; &#x444;&#x43E;&#x440;&#x442;&#x435;&#x43F;&#x438;&#x430;&#x43D;&#x43E; &#x441; &#x43E;&#x440;&#x43A;&#x435;&#x441;&#x442;&#x440;&#x43E;&#x43C;</subfield>
  </datafield>
  <datafield tag="606" ind1="1" ind2=" ">
    <subfield code="a">&#x418;&#x441;&#x43F;&#x43E;&#x43B;&#x43D;&#x438;&#x442;&#x435;&#x43B;&#x44C;&#x441;&#x43A;&#x43E;&#x435; &#x438;&#x441;&#x43A;&#x443;&#x441;&#x441;&#x442;&#x432;&#x43E; &#x43F;&#x438;&#x430;&#x43D;&#x438;&#x441;&#x442;&#x44B;</subfield>
    <subfield code="x">&#x417;&#x432;&#x443;&#x43A;&#x43E;&#x437;&#x430;&#x43F;&#x438;&#x441;&#x44C;</subfield>
    <subfield code="y">&#x420;&#x43E;&#x441;&#x441;&#x438;&#x44F;</subfield>
    <subfield code="z">20 &#x432;&#x435;&#x43A;</subfield>
    <subfield code="2">nlr_sh</subfield>
  </datafield>
  <datafield tag="686" ind1=" " ind2=" ">
    <subfield code="a">&#x429;954.2, 8(2)</subfield>
    <subfield code="v">LBC/SL</subfield>
    <subfield code="2">rubbk</subfield>
  </datafield>
  <datafield tag="700" ind1=" " ind2="1">
    <subfield code="9">z01790</subfield>
    <subfield code="a">&#x420;&#x438;&#x445;&#x442;&#x435;&#x440;</subfield>
    <subfield code="b">&#x421;.&#x422;.</subfield>
    <subfield code="f">1915-1997</subfield>
    <subfield code="g">&#x421;&#x432;&#x44F;&#x442;&#x43E;&#x441;&#x43B;&#x430;&#x432; &#x422;&#x435;&#x43E;&#x444;&#x438;&#x43B;&#x43E;&#x432;&#x438;&#x447;</subfield>
    <subfield code="4">590</subfield>
    <subfield code="4">kfp</subfield>
  </datafield>
  <datafield tag="790" ind1=" " ind2="1">
    <subfield code="9">z01700</subfield>
    <subfield code="a">Rixter</subfield>
    <subfield code="b">S.</subfield>
    <subfield code="f">1915-1997</subfield>
    <subfield code="g">Svyatoslav</subfield>
    <subfield code="4">590</subfield>
    <subfield code="4">kfp</subfield>
    <subfield code="7">ba</subfield>
  </datafield>
  <datafield tag="801" ind1=" " ind2="0">
    <subfield code="a">RU</subfield>
    <subfield code="b">NLR</subfield>
    <subfield code="c">20150603</subfield>
    <subfield code="g">PSBO</subfield>
  </datafield>
  <datafield tag="801" ind1=" " ind2="1">
    <subfield code="a">RU</subfield>
    <subfield code="b">NLR</subfield>
    <subfield code="c">20150603</subfield>
    <subfield code="2">rusmarc</subfield>
  </datafield>
  <datafield tag="801" ind1=" " ind2="2">
    <subfield code="a">RU</subfield>
    <subfield code="b">NLR</subfield>
    <subfield code="c">20210130</subfield>
  </datafield>
  <datafield tag="852" ind1=" " ind2=" ">
    <subfield code="a">NLR</subfield>
    <subfield code="b">&#x41C;&#x433;</subfield>
    <subfield code="j">3/8129</subfield>
    <subfield code="p">37689</subfield>
    <subfield code="t">1</subfield>
  </datafield>
  <datafield tag="942" ind1=" " ind2=" ">
    <subfield code="c">REC</subfield>
  </datafield>
  <datafield tag="980" ind1=" " ind2=" ">
    <subfield code="a">NB</subfield>
  </datafield>
  <datafield tag="980" ind1=" " ind2=" ">
    <subfield code="a">ONIZ</subfield>
  </datafield>
  <datafield tag="995" ind1=" " ind2=" ">
    <subfield code="5">2015-06-03</subfield>
    <subfield code="b">NLR01</subfield>
    <subfield code="c">NLR01</subfield>
    <subfield code="e">ONIZ</subfield>
    <subfield code="k">3/8129 3/8129</subfield>
    <subfield code="o">0</subfield>
    <subfield code="r">REC</subfield>
    <subfield code="s">38129_38129</subfield>
  </datafield>
</record>
